Cómo llegar a ser un adulto: manual sobre la integración psicológica y espiritual

Saved in:
書目詳細資料
主要作者: Richo, David (Author)
格式: 圖書
語言:西班牙语
出版: Bilbao Desclée de Brouwer 1998
叢編:Colección Crecimiento Personal, 26
主題:
標簽: 添加標簽
沒有標簽, 成為第一個標記此記錄!

MARC

LEADER 00000nam a2200000 a 4500
001 UCP8461
003 CL-VaPUC
008 000303e19980000SP |||||||||||||||||spa|d
082 0 4 |a 155.6  |b RIC  |2 21 
100 0 |a Richo, David  |e author  |9 438429 
245 1 0 |a Cómo llegar a ser un adulto: manual sobre la integración psicológica y espiritual 
300 |a 151 p 
942 |c BK 
945 |d 20000303 00:00:00  |a rbrito 
260 |a Bilbao  |b Desclée de Brouwer  |c 1998 
650 0 |a Psicología evolutiva   |9 271069 
650 0 |a Miedo   |9 307306 
650 0 |a Autoestima  |9 308492 
650 0 |a Valores sociales  |9 309627 
650 0 |a Amor  |9 257817 
650 0 |a Psicología individual  |9 309049 
583 |a last modification  |c 20000303 00:00:00  |k Rodrigo Vera 
490 0 |a Colección Crecimiento Personal, 26 
999 |c 285357  |d 285355 
952 |0 0  |1 0  |4 0  |6 155_600000000000000_RIC_1998  |7 0  |8 A  |9 329904  |a BIBEDU  |b BIBEDU  |d 2019-11-20  |i 3595838  |o 155.6 RIC 1998  |p 3595838  |r 2019-11-20  |w 2019-11-20  |y BK  |k EPE